000 01347nam a22002417a 4500
999 _c59
_d59
003 OSt
005 20190325192031.0
008 151207b xxu||||| |||| 00| 0 esp d
040 _cDO-SdBJH
_aDO-SdBJH
_bspa
090 _aTG INEGEOFA
_b00064 2004
100 1 _aCamejo Rodríguez, Carlos A.
_esustentante
245 _aValoración geoeconómica del Caribe y las influencias de las grandes potencias /
_cCarlos A. Camejo Rodríguez ; Orlando González Rodríguez
260 _aSanto Domingo :
_bINSUDE,
_c2004
300 _a69 hojas
502 _aTrabajo de grado (Estudios Geopolíticos). -- Instituto Superior para la Defensa (INSUDE). Instituto de Estudios Geopolíticos, 2004
504 _aIncluye referencias bibliográficas e índice
505 _aEl Caribe. -- Marco histórico de la región del Caribe y la influencias de las grandes potencias. -- La crisis del modelo económico y su impacto en la región del Caribe. -- La región del Caribe, valoración Geoeconómica,desafíos y perspectivas de la región del Caribe, desde el punto de vista político económico
650 4 _aGeoeconomia-Gran Caribe
650 4 _aGeopolitica-Estados Unidos-Union Europea
700 1 _aGonzález Rodríguez, Orlando
_esustentante
830 _aINSUDE. Instituto de Estudios Geopoliticos. Tesis y disertaciones académicas
942 _2ddc
_cT